Manual de anatomía y de necropsias de las aves /
Guardado en:
| Autor Principal: | |
|---|---|
| Formato: | Libro |
| Publicado: |
México :
Compañía Editorial Continental,
1986
|
| Materias: | |
| Etiquetas: |
Agregar Etiqueta
Sin Etiquetas, Sea el primero en etiquetar este registro!
|
| LEADER | 01075nam a22002055a 4500 | ||
|---|---|---|---|
| 001 | CEM.cems015655 | ||
| 005 | 20111013111534.0 | ||
| 008 | 130507s1986##################000#0#####d | ||
| 003 | CEMS | ||
| 020 | |a 968260625x | ||
| 082 | 0 | 4 | |a 636.5 |
| 100 | 1 | |a Alamargot, Jacques | |
| 245 | 1 | 0 | |a Manual de anatomía y de necropsias de las aves / |c Jacques Alamargot |
| 260 | |a México : |b Compañía Editorial Continental, |c 1986 | ||
| 300 | |a 150 p. | ||
| 505 | 0 | |a Anatomía y fisiología aplicadas a las aves -- El aparato digestivo y sus anexos -- El aparato respiratorio -- Los aparatos circulatorio y linfático -- Las glándulas tiroides, paratiroides, los últimos cuerpos banquiales y las glándulas suprarrenales -- El aparato urinario -- Los aparatos genitales -- Necropsia aviar -- Necropsia de un ave -- Intervenciones preliminares al examen de la necropsia -- Muestras para los examenes de laboratorio -- Principales lesiones de las aves | |
| 653 | |a Aves | ||
| 653 | |a Aves-anatomía | ||
| 653 | |a Aves-enfermedades | ||
| 859 | |a CEMS |b BIB. CEMS - Agricultura |h 636.5 |i Al117 |p A16016.90 |t Ej.1 | ||
